<?xml version="1.0" encoding="UTF-8"?>
<record
    xmlns:xsi="http://www.w3.org/2001/XMLSchema-instance"
    xsi:schemaLocation="http://www.loc.gov/MARC21/slim http://www.loc.gov/standards/marcxml/schema/MARC21slim.xsd"
    xmlns="http://www.loc.gov/MARC21/slim">

  <leader>01582nam a22002777a 4500</leader>
  <controlfield tag="005">20230304091959.0</controlfield>
  <controlfield tag="008">230304b           ||||| |||| 00| 0 eng d</controlfield>
  <datafield tag="020" ind1=" " ind2=" ">
    <subfield code="a">8188360015</subfield>
  </datafield>
  <datafield tag="040" ind1=" " ind2=" ">
    <subfield code="c">AL</subfield>
  </datafield>
  <datafield tag="041" ind1=" " ind2=" ">
    <subfield code="a">eng</subfield>
  </datafield>
  <datafield tag="082" ind1=" " ind2=" ">
    <subfield code="2">23</subfield>
    <subfield code="a">202.3</subfield>
    <subfield code="b">PANG</subfield>
  </datafield>
  <datafield tag="100" ind1=" " ind2=" ">
    <subfield code="a">Kuruvilla Pandikattu </subfield>
    <subfield code="9">74075</subfield>
  </datafield>
  <datafield tag="245" ind1=" " ind2=" ">
    <subfield code="a">Gratefully and gracefully:</subfield>
    <subfield code="b">Scientific and religious reflections on death and beyond</subfield>
  </datafield>
  <datafield tag="260" ind1=" " ind2=" ">
    <subfield code="a">Pune</subfield>
    <subfield code="b">Creati Ventures </subfield>
    <subfield code="c">2013</subfield>
  </datafield>
  <datafield tag="300" ind1=" " ind2=" ">
    <subfield code="a">x,286p.</subfield>
    <subfield code="b">HB</subfield>
    <subfield code="c">22x14cm.</subfield>
  </datafield>
  <datafield tag="365" ind1=" " ind2=" ">
    <subfield code="2">History</subfield>
    <subfield code="a">02302</subfield>
    <subfield code="b">450.00</subfield>
    <subfield code="c">&#x20B9;</subfield>
    <subfield code="d">450.00</subfield>
    <subfield code="e">0</subfield>
    <subfield code="f">01-12-2022</subfield>
  </datafield>
  <datafield tag="520" ind1=" " ind2=" ">
    <subfield code="a">What is death? What is it a necessary part of life? What can we expect from death? What can we really hope for? Drawing from recent scientific theories (cryonics, transhumanism, etc.) and religious wisdom (Hinduism, Buddhism and Christianity), this book invites us to look into this paradox of human life and stay attentive to the process of living. The twelve chapters of this book invite us to focus on death, so that we can relish life. Without ignoring the agony of death, we look at it tenderly and directly, not to dwell on death but in fact to focus on the process of living. This book affirms that if we live gratefully and authentically we can surrender ourselves to life and beyond gracefully.
</subfield>
  </datafield>
  <datafield tag="650" ind1=" " ind2=" ">
    <subfield code="a">Physical Immortality</subfield>
    <subfield code="9">74076</subfield>
  </datafield>
  <datafield tag="650" ind1=" " ind2=" ">
    <subfield code="a">Cosmic Extinction</subfield>
    <subfield code="9">74077</subfield>
  </datafield>
  <datafield tag="650" ind1=" " ind2=" ">
    <subfield code="a">Death-Religious Aspects</subfield>
    <subfield code="9">74078</subfield>
  </datafield>
  <datafield tag="650" ind1=" " ind2=" ">
    <subfield code="a">Future Life</subfield>
    <subfield code="9">74079</subfield>
  </datafield>
  <datafield tag="650" ind1=" " ind2=" ">
    <subfield code="a">Philosophy and Science</subfield>
    <subfield code="9">74080</subfield>
  </datafield>
  <datafield tag="650" ind1=" " ind2=" ">
    <subfield code="a">Religion and Science</subfield>
    <subfield code="9">74081</subfield>
  </datafield>
  <datafield tag="700" ind1=" " ind2=" ">
    <subfield code="a">PANDIKATTU (Kuruvilla)</subfield>
    <subfield code="9">74082</subfield>
  </datafield>
  <datafield tag="942" ind1=" " ind2=" ">
    <subfield code="2">ddc</subfield>
    <subfield code="c">BK</subfield>
  </datafield>
  <datafield tag="999" ind1=" " ind2=" ">
    <subfield code="c">226884</subfield>
    <subfield code="d">226884</subfield>
  </datafield>
  <datafield tag="952" ind1=" " ind2=" ">
    <subfield code="0">0</subfield>
    <subfield code="1">0</subfield>
    <subfield code="2">ddc</subfield>
    <subfield code="4">0</subfield>
    <subfield code="7">0</subfield>
    <subfield code="8">HIS</subfield>
    <subfield code="a">AL</subfield>
    <subfield code="b">AL</subfield>
    <subfield code="d">2023-03-02</subfield>
    <subfield code="e">Papal Seminary Pune Maharashtra 411014</subfield>
    <subfield code="g">450.00</subfield>
    <subfield code="l">0</subfield>
    <subfield code="o">202.3 PANG</subfield>
    <subfield code="p">076453</subfield>
    <subfield code="r">2023-03-04 00:00:00</subfield>
    <subfield code="v">450.00</subfield>
    <subfield code="w">2023-03-04</subfield>
    <subfield code="y">BK</subfield>
  </datafield>
</record>
